Statistiques concernant Personnages célèbres - Série 67

Cliquez ici pour prendre le quiz!

Statistiques générales

  • Ce quiz a été pris 59 fois
  • Le résultat moyen est 6 sur 15

Statistiques - réponses

Answer % Correct
Le Pen
100%
Girac
93%
Bedos
72%
Watson
70%
Paltrow
67%
Baer
63%
Lamazou
43%
Amalric
35%
Tillier
20%
Giraudeau
15%
Lespert
11%
Biasini
7%
Elkaïm
4%
Sagot
0%
Brochu
0%

Distribution des résultats

Percentile by Number Answered

% des personnes avec chaque résultat

Votre développement - résultats

Vous n’avez pas pris ce quiz